Albums Featuring Dave Grohl (Nirvana/Foo Fighters) - Statistics

General Stats
  • This quiz has been taken 232 times
    187 since last reset
  • The average score is 8 of 16
Answer Stats
Year Artist Album % Correct
1991 Nirvana Nevermind
99%
1993 Nirvana In Utero
95%
1995 Foo Fighters Foo Fighters
83%
1997 Foo Fighters The Colour and the Shape
76%
2002 Queens of the Stone Age Songs for the Deaf
52%
1999 Foo Fighters There Is Nothing Left to Lose
52%
2002 Foo Fighters One by One
48%
2005 Foo Fighters In Your Honor
46%
2011 Foo Fighters Wasting Light
46%
2017 Foo Fighters Concrete and Gold
43%
2021 Foo Fighters Medicine at Midnight
43%
2014 Foo Fighters Sonic Highways
41%
2007 Foo Fighters Echoes, Silence, Patience, and Grace
38%
2009 Them Crooked Vultures Them Crooked Vultures
24%
2013 Queens of the Stone Age ...Like Clockwork
19%
2004 Probot {Probot}
10%
No matching quizzes found
Score Distribution
Percent of People with Each Score
Percentile by Number Answered
Your Score History
You have not taken this quiz since the last reset